• 首页
  • 本馆介绍
  • 公告通知
  • 最新文献
  • 馆藏检索
  • 电子资源
  • 读者导购
  • 参考咨询
  • 我的图书馆
  • 登录
  • 详细信息显示
  • 放入我的书架
  • 预约/预借图书
  • 作者相关作品
  • 分类相关作品
  • 丛书相关作品
  • 出版社相关作品

书目信息

  • 表格格式
  • 工作单格式
  • 卡片格式
题名:
民间剪纸
    
 
作者: 许之敏 编著
分册:  
出版信息: 北京   中国轻工业出版社  2005
页数: 138页
开本: 19cm
丛书名: 中国民间工艺风采丛书
单 册:
中图分类: J528.1
科图分类:
主题词: 剪纸--工艺美术史--中国--图集 , 工艺美术史 , 剪纸
电子资源:
ISBN: 7-5019-4615-9
000 00869oam2 2200277 450
001 060000022965
005 20061203161715.10
010    @a7-5019-4615-9@dCNY36.00
100    @a20050322d2005 ekmy0chiy0120 ea
101 0  @achi
102    @aCN@b110000
105    @aa z 000yy
200 1  @a民间剪纸@9min jian jian zhi@f许之敏编著@Fxu zhi min bian zhu
210    @a北京@c中国轻工业出版社@d2005
215    @a138页@c图@d19cm
225 2  @a中国民间工艺风采丛书
330    @a本书分区域为您提供了200多张精美的图片,同时配有详尽的介绍性文字,让您对我国的民间剪纸艺术有了更加深入的了解。
410  0 @12001 @a中国民间工艺风采丛书
606 0  @a剪纸@x工艺美术史@y中国@j图集
606 0  @a工艺美术史
606 0  @a剪纸
690    @aJ528.1@v4
701  0 @a许之敏@Axu zhi min@4编著
801  0 @aCN@bCXYBOOK@c20061203
905    @a10447@dJ528.1@e131
999    @aZXL@eDF
    
    民间剪纸/许之敏编著.-北京:中国轻工业出版社,2005
    138页:图;19cm.-(中国民间工艺风采丛书)
    
    
    ISBN 7-5019-4615-9:CNY36.00
    本书分区域为您提供了200多张精美的图片,同时配有详尽的介绍性文字,让您对我国的民间剪纸艺术有了更加深入的了解。
●
相关链接 在E读中查询图书 在五车中查询图书 在当当中查询图书 在豆瓣中查询图书


正题名:民间剪纸     索取号:J528.1/131         预约/预借

序号 登录号 条形码 馆藏地/架位号 状态 备注
1 0370749   203707499   第一样本阅览室/ [索取号:J528.1/131] 在馆    
2 0370750   203707505   第一借阅区/ [索取号:J528.1/131] 在馆    
3 0370751   203707514   第一借阅区/ [索取号:J528.1/131] 在馆    
4 0370752   203707523   第一借阅区/ [索取号:J528.1/131] 在馆    
5 0611000   206110000   第一借阅区/ [索取号:J528.1/131] 在馆    
6 0611001   206110019   第一借阅区/ [索取号:J528.1/131] 在馆    
7 0611002   206110028   第一借阅区/ [索取号:J528.1/131] 在馆    
唐山师范学院图书馆 欢迎您!
大连网信软件有限公司© 版权所有